Datum a čas kvízu
20.5
Celkem bodů
Celkový počet nahraných bodů na tomto kvízu bez doplňovacích otázek.
7.
Pořadí na kvízu
Konečné umístění týmu na tomto kvízu.
Zaznamenané odpovědi
| # | Otázka | Odpověď | Body | Výsledky |
|---|---|---|---|---|
| 1. | Minulý týden byly vyhlášeny vý... | Pavel Pafko | 0 | |
| 2. | V sousedním Rakousku před něko... | Sebastian Kurz | 0 | |
| 3. | Minulý týden vstoupil do český... | Joaquin Phoenix | 0 | |
| 4. | Minulý týden jsme se dozvěděli... | Lime | 0 | |
| 5. | Jistý evropský fotbalový svaz... | na Slovensku | 1 | |
| 6. | Napíšete-li název afghánské le... | Bagrám | 1 | |
| 7. | Jak se jmenuje současný náčeln... | Aleš Opata | 0 | |
| 8. | Jak se nazývá město, u něhož s... | Čáslav | 0 | |
| 9. | Jednou z prvních zahraničních... | Bosna a Hercegovina | 0 | |
| 10. | Napište čtyřpísmenné označení... | BREN | 0 |